<?xml version="1.0" encoding="UTF-8"?><?xml-stylesheet type="text/xsl" href="static/style.xsl"?><OAI-PMH xmlns="http://www.openarchives.org/OAI/2.0/" xmlns:xsi="http://www.w3.org/2001/XMLSchema-instance" xsi:schemaLocation="http://www.openarchives.org/OAI/2.0/ http://www.openarchives.org/OAI/2.0/OAI-PMH.xsd"><responseDate>2026-04-17T15:50:36Z</responseDate><request verb="GetRecord" identifier="oai:www.recercat.cat:20.500.12327/4556" metadataPrefix="marc">https://recercat.cat/oai/request</request><GetRecord><record><header><identifier>oai:recercat.cat:20.500.12327/4556</identifier><datestamp>2025-10-22T11:20:54Z</datestamp><setSpec>com_2072_4428</setSpec><setSpec>com_2072_4427</setSpec><setSpec>col_2072_487898</setSpec></header><metadata><record xmlns="http://www.loc.gov/MARC21/slim" xmlns:dcterms="http://purl.org/dc/terms/" xmlns:xsi="http://www.w3.org/2001/XMLSchema-instance" xmlns:doc="http://www.lyncode.com/xoai" xsi:schemaLocation="http://www.loc.gov/MARC21/slim http://www.loc.gov/standards/marcxml/schema/MARC21slim.xsd">
   <leader>00925njm 22002777a 4500</leader>
   <datafield ind2=" " ind1=" " tag="042">
      <subfield code="a">dc</subfield>
   </datafield>
   <datafield ind2=" " ind1=" " tag="720">
      <subfield code="a">Lawrence, Brian T.</subfield>
      <subfield code="e">author</subfield>
   </datafield>
   <datafield ind2=" " ind1=" " tag="720">
      <subfield code="a">Fazio, Gennaro</subfield>
      <subfield code="e">author</subfield>
   </datafield>
   <datafield ind2=" " ind1=" " tag="720">
      <subfield code="a">Gonzalez Nieto, Luis</subfield>
      <subfield code="e">author</subfield>
   </datafield>
   <datafield ind2=" " ind1=" " tag="720">
      <subfield code="a">Robinson, Terence L.</subfield>
      <subfield code="e">author</subfield>
   </datafield>
   <datafield ind2=" " ind1=" " tag="260">
      <subfield code="c">2025-03-10</subfield>
   </datafield>
   <datafield ind2=" " ind1=" " tag="520">
      <subfield code="a">Introduction: The interactive effect of different apple scions with commonly used rootstocks could result in growers selecting an inferior option for tree survival, yield, and fruit quality.&#xd;
&#xd;
Methods: The long-term tree performance and fruit quality interactions of 19 rootstocks (including Budagovsky, Geneva, and Malling series) and 5 apple cultivars (‘Empire’, ‘Gala’, ‘Honeycrisp’, ‘Mustu’, and ‘Delicious’) were explored in two orchards in Western New York. The first orchard examined the five cultivars on dwarfing rootstocks (B.9, CG.4210, G.11, G.16, G.202, G.41, G.65, G.814, M.26, M.9Pajam2, and M.9T337) and was planted at a spacing of 1.22 m x 3.66 m (2,243 trees ha-1). The second orchard examined the same cultivars on semi-dwarfing rootstocks (B.118, G.214, G.30, G.210, G.935, G.222, M.26, and M.7) and was planted at a spacing of 1.83 m x 4.27 m (1,282 trees ha-1).&#xd;
&#xd;
Results: Following 17 years, the variables of tree mortality, growth, cumulative yield, and cumulative yield efficiency each resulted in a significant interaction between cultivar and rootstock in both orchards. There were no significant interactions on quality variables measured except fruit color of the 3 bi-colored ‘Gala’, ‘Honeycrisp’ and ‘Delicious’ for both the dwarfing and semi-dwarfing rootstocks.&#xd;
&#xd;
Discussion/Conclusions: The implications of the interactions observed are that apple producers should pair specific rootstocks with specific cultivars to optimize orchard performance.</subfield>
   </datafield>
   <datafield ind1="8" ind2=" " tag="024">
      <subfield code="a">Lawrence, Brian T., Gennaro Fazio, Luis Gonzalez Nieto, and Terence L. Robinson. 2025. “Rootstock Effect on Horticultural Performance and Fruit Quality Is Not Uniform Across Five Commercial Apple Cultivars in Western New York.” Frontiers in Plant Science 16 (March). https://doi.org/10.3389/fpls.2025.1552625.</subfield>
   </datafield>
   <datafield ind1="8" ind2=" " tag="024">
      <subfield code="a">1664-462X</subfield>
   </datafield>
   <datafield ind1="8" ind2=" " tag="024">
      <subfield code="a">http://hdl.handle.net/20.500.12327/4556</subfield>
   </datafield>
   <datafield ind1="8" ind2=" " tag="024">
      <subfield code="a">https://doi.org/10.3389/fpls.2025.1552625</subfield>
   </datafield>
   <datafield ind2="0" ind1="0" tag="245">
      <subfield code="a">Rootstock effect on horticultural performance and fruit quality is not uniform across five commercial apple cultivars in western New York</subfield>
   </datafield>
</record></metadata></record></GetRecord></OAI-PMH>